LEGO Ninjago Season 1: Rise of the Serpentine Minifigures - Statistics

General Stats
  • This quiz has been taken 60 times
  • The average score is 15 of 24
Answer Stats
Picture Answer % Correct
Jay
100%
Cole
98%
Kai
96%
Lord Garmadon
94%
Lloyd
91%
Nya
87%
Pythor
83%
Skales
81%
Wu
81%
Zane
81%
Fangtom
55%
Acidicus
53%
Fangdam
51%
Bytar
47%
Lasha
47%
Fang-Suei
43%
Skalidor
40%
Mezmo
38%
Slithraa
38%
Lizaru
36%
Rattla
34%
Spitta
34%
Snappa
28%
Snike
28%
No matching quizzes found
Score Distribution
Percent of People with Each Score
Percentile by Number Answered
Your Score History
You have not taken this quiz